| 000 | 00646nam a22002057a 4500 | ||
|---|---|---|---|
| 999 |
_c9111 _d9111 |
||
| 003 | AR-CdUCM | ||
| 008 | 190327b ||||| |||| 00| 0 spa d | ||
| 020 | _a84-8280-141-4 | ||
| 040 |
_aMUNICIPALIDAD PROVINCIAL DEL CUSCO _cBIBLIOTECA MUNICIPAL DEL CUSCO |
||
| 082 |
_a220 / _bOV92 |
||
| 110 |
_aEditorial Oveja Negra _925119 |
||
| 245 | _aLa Biblia / | ||
| 260 |
_aColombia : _bOveja Negra ; _c1983. |
||
| 300 |
_a520 páginas ; _c18cm |
||
| 440 |
_aHistoria Universal de la Literatura _924301 |
||
| 505 | _aContenido: t.1: Libros de la Biblia -- t.2: Libros de la Biblia | ||
| 650 |
_aBiblia _94856 |
||
| 942 |
_2ddc _cLIBROS |
||
| 945 | _anom | ||